[Event "Saint John op-2"]
[Site "Saint John"]
[Date "1988.??.??"]
[Round "?"]
[White "Christiansen, Larry Mark"]
[Black "Garcia, Gildardo"]
[Result "1/2-1/2"]
[WhiteElo "2575"]
[BlackElo "2430"]

1.c4 e6 2.Nf3 d5 3.d4 Nf6 4.Nc3 Nbd7 5.cxd5 exd5 6.Bf4 c6 7.h3 Be7 8.e3 O-O
9.Bd3 Re8 10.Qc2 Nf8 11.O-O Ng6 12.Rae1 Bd6 13.Bg5 Be6 14.e4 dxe4 15.Bxe4 Bc4
16.Bxg6 hxg6 17.Rxe8+ Qxe8 18.Re1 Be6 19.Bxf6 gxf6 20.d5 cxd5 21.Nxd5 Qc6
22.Nxf6+ Kg7 23.Qxc6 bxc6 24.Ne4 Bb4 25.Ra1 Bf8 26.Nfd2 Rb8 27.b3  1/2-1/2

[Event "Saint John op-1"]
[Site "Saint John"]
[Date "1988.??.??"]
[Round "?"]
[White "Velikov, Petar"]
[Black "O'Donnell, Tom"]
[Result "1-0"]
[WhiteElo "2475"]
[BlackElo "2340"]

1.c4 e6 2.Nf3 d5 3.d4 c6 4.Qc2 Nf6 5.g3 Be7 6.Bg2 O-O 7.O-O b6 8.Nbd2 Bb7
9.e4 dxc4 10.Nxc4 Nbd7 11.Rd1 c5 12.Nfe5 cxd4 13.Rxd4 Bc5 14.Rd1 Qc8 15.Nxd7 Nxd7
16.Bf4 Nf6 17.Qe2 Rd8 18.Nd6 Bxd6 19.Bxd6 Rd7 20.Be5 Ne8 21.h4 Rxd1+ 22.Rxd1 Qc5
23.Bc3 Qc7 24.Qd3 Rc8 25.Kh2 h6 26.f3 Bc6 27.Bf1 Qb7 28.Be5 Nf6 29.Qa6 Qa8
30.Rd2 Rd8 31.Rxd8+ Qxd8 32.Qd3 Qe7 33.Qd6 Qxd6 34.Bxd6 Nd7 35.Bc4 b5 36.Bb3 a5
37.Kg2 a4 38.Bc2 f6 39.Kf2 Kf7 40.Ke3 e5 41.Kd3 Ke6 42.Bb4 g6 43.Bd2 h5 44.Kc3 Nb6
45.b3 axb3 46.Bxb3+ Nc4 47.Bh6 Ke7 48.Kb4 Nb2 49.Kc5 Bd7 50.Bc2 Na4+ 51.Kb4 Nb6
52.Bd3 Na4 53.Bd2 Nb2 54.Bxb5 Bxb5 55.Kxb5 Kd7 56.a4 Nd3 57.a5 f5 58.Kc4 fxe4
59.fxe4  1-0

[Event "Saint John op-1"]
[Site "Saint John"]
[Date "1988.??.??"]
[Round "?"]
[White "Minaya, Juan M"]
[Black "Semkov, Semko"]
[Result "0-1"]
[WhiteElo "2305"]
[BlackElo "2470"]

1.c4 e6 2.Nf3 d5 3.d4 c6 4.cxd5 exd5 5.Nc3 Bf5 6.Bf4 Bd6 7.Bxd6 Qxd6 8.e3 Nd7
9.Bd3 Bxd3 10.Qxd3 Ngf6 11.O-O O-O 12.Rab1 a5 13.a3 Rfe8 14.b4 axb4 15.axb4 b5
16.Nd2 Ng4 17.Nf3 Ngf6 18.Nd2 Ra3 19.f3 Re6 20.Rfd1 Nb6 21.e4 dxe4 22.fxe4 Na4
23.Rbc1 Nb2  0-1

[Event "Saint John op-2"]
[Site "Saint John"]
[Date "1988.??.??"]
[Round "?"]
[White "Delaune, Richard K"]
[Black "Southam, Todd"]
[Result "1-0"]
[WhiteElo "2405"]
[BlackElo "2295"]

1.c4 e6 2.Nf3 d5 3.g3 Nf6 4.Bg2 c5 5.cxd5 exd5 6.d4 Nc6 7.O-O Be7 8.Nc3 O-O
9.dxc5 Bxc5 10.Bg5 d4 11.Bxf6 Qxf6 12.Nd5 Qd6 13.Nd2 Be6 14.Nf4 Bb6 15.Rc1 Rfd8
16.a3 Rac8 17.b4 a5 18.b5 Ne5 19.Bxb7 Rxc1 20.Qxc1 d3 21.e3 Rb8 22.Nxe6 Qxe6
23.Bg2 Rc8 24.Qd1 Qd6 25.a4 Rc2 26.Nf3 Nxf3+ 27.Bxf3 f5 28.Qb1 Qa3 29.Bd5+ Kf8
30.Rd1 Rc3 31.Kg2 g6 32.Rd2 Ke7 33.Bg8 Qxa4 34.Qb2 Qe4+ 35.f3 Qb4 36.Qa2 Qd6
37.Qf7+ Kd8 38.Kh3 Bxe3 39.Rd1 d2 40.Qa2 Qb6 41.Rxd2+ Kc8 42.Re2 h6 43.Qd5 Qd4
44.Qa8+ Kd7 45.Qb7+ Kd8 46.Be6 Qd6 47.Qf7 Qe7 48.Qg8+ Qe8 49.Qg7 Rd3 50.Rxe3 Rxe3
51.Qd4+ Ke7 52.Qxe3 Kf6 53.b6 a4 54.Qd4+ Ke7  1-0

[Event "URS-FL56"]
[Site "Simferopol"]
[Date "1988.??.??"]
[Round "?"]
[White "Yermolinsky, Alex"]
[Black "Lputian, Smbat G"]
[Result "1/2-1/2"]
[WhiteElo "2460"]
[BlackElo "2540"]

1.c4 e6 2.Nf3 d5 3.d4 Nf6 4.Bg5 Be7 5.Nc3 h6 6.Bh4 O-O 7.e3 b6 8.Rc1 Bb7
9.Bxf6 Bxf6 10.cxd5 exd5 11.Bd3 c5 12.O-O Nd7 13.Bf5 Re8 14.Qb3 g6 15.Bh3 Bg7
16.Rfd1 cxd4 17.exd4 Nf6 18.Ne5 Nh5 19.Re1 Nf4 20.Nb5 Qg5 21.Rc7 Bxe5 22.dxe5 Rxe5
23.Rxe5 Qxe5 24.Qe3 Qh5 25.Nc3 Nxh3+ 26.gxh3 d4 27.Qe7 Bd5 28.Nxd5 Qxd5 29.Rd7 Qxa2
30.Qe4 Rc8 31.Qxd4 Qa5 32.h4 h5 33.Rxf7 Rc1+ 34.Kg2 Kxf7 35.Qd7+ Kf6 36.Qd6+ Kf5
37.Qd3+ Kf6 38.Qd6+ Kf7 39.Qd7+ Kf6 40.Qd6+  1/2-1/2

[Event "Thessaloniki ol (Men)"]
[Site "Thessaloniki"]
[Date "1988.??.??"]
[Round "1"]
[White "Wians, Camille"]
[Black "Boensch, Uwe"]
[Result "0-1"]
[WhiteElo "2200"]
[BlackElo "2510"]

1.c4 e6 2.Nf3 d5 3.g3 Nf6 4.Bg2 Be7 5.O-O O-O 6.b3 c5 7.Bb2 Nc6 8.cxd5 Nxd5
9.d4 cxd4 10.Nxd4 Qb6 11.Nxc6 bxc6 12.Na3 Ba6 13.Qc2 Rfc8 14.Nc4 Bxc4 15.Qxc4 a5
16.e4 Nf6 17.Bd4 Qb4 18.Rfc1 Rab8 19.Rc2 Nd7 20.Rd1 Qxc4 21.Rxc4 c5 22.Be3 Nb6
23.Rc2 c4 24.Bxb6 Rxb6 25.Rdc1 Rd6 26.Rxc4 Rcd8 27.Bf1 g6 28.Kg2 Rd2 29.R1c2 R8d6
30.Rc8+ Kg7 31.R8c7 Bd8 32.R7c6 R6d4 33.Kf3 h5 34.h4 Kf6 35.a3 Be7 36.Rxd2 Rxd2
37.Ra6 Rb2 38.Bc4 Bc5 39.Kg2 Rxf2+ 40.Kh1 Bxa3  0-1

[Event "Tirnavia-B"]
[Site "Trnava"]
[Date "1988.??.??"]
[Round "5"]
[White "Cvetkovic, Srdjan"]
[Black "Tibensky, Robert"]
[Result "1/2-1/2"]
[WhiteElo "2430"]
[BlackElo "2390"]

1.c4 e6 2.Nf3 d5 3.d4 Nf6 4.Nc3 dxc4 5.e3 c5 6.Bxc4 a6 7.a4 Nc6 8.O-O Qc7
9.Qe2 Be7 10.b3 O-O 11.dxc5 Bxc5 12.Bb2 b6 13.Ng5 Ne5 14.Nce4 Nxe4 15.Nxe4 Bb7
16.Nxc5 bxc5 17.Rac1 Nxc4 18.Rxc4 Bd5 19.Rc3 Qb7 20.Rxc5 Qxb3 21.a5 Qb7 22.Bd4 f6
23.f3 e5 24.e4 Bf7 25.Bf2 Rac8 26.Rfc1 Rxc5 27.Rxc5 Rc8 28.Rxc8+ Qxc8 29.h3 Qc1+
30.Qf1 Qc6 31.Bb6 Bc4 32.Qd1 h6 33.Kh2 Kh7 34.Qd2 Bb5 35.Qf2 Qc1 36.Ba7 Qf4+
37.Kg1 Qc1+ 38.Kh2 Qd1 39.Bb6 Be2 40.Qe3 Qc2  1/2-1/2

[Event "Tirnavia-B"]
[Site "Trnava"]
[Date "1988.??.??"]
[Round "7"]
[White "Cvetkovic, Srdjan"]
[Black "Diaz, Joaquin C"]
[Result "1-0"]
[WhiteElo "2430"]
[BlackElo "2485"]

1.c4 e6 2.Nf3 d5 3.d4 Nf6 4.Nc3 Be7 5.Bg5 O-O 6.e3 h6 7.Bh4 b6 8.Rc1 Bb7
9.Be2 Nbd7 10.cxd5 exd5 11.O-O c5 12.Qa4 a6 13.dxc5 Nxc5 14.Qd1 Re8 15.Nd4 Nfe4
16.Bxe7 Qxe7 17.Bf3 Rad8 18.Qc2 Rc8 19.Rfd1 g6 20.Qe2 b5 21.a3 Rc7 22.Rc2 Rec8
23.Rdc1 Ne6 24.Nxe6 Nxc3 25.Qd3 Qxe6 26.Rxc3 Rc4 27.b3 Rxc3 28.Rxc3 Rxc3
29.Qxc3 Qf5 30.h3 Bc8 31.e4 d4 32.Qxd4 Qg5 33.Qe3 Qe5 34.b4 Bb7 35.g3 Kg7
36.Kg2 Bc6 37.Qd3 g5 38.Qe3 Bb7 39.Qd3 Bc6 40.Kh2 Bb7 41.Bg2 h5 42.Qf3 h4
43.Qf5 Qxf5 44.exf5 Bxg2 45.Kxg2 Kf6 46.g4 Ke5 47.Kf3 Kd4 48.Ke2 Ke4 49.f6  1-0

[Event "URS-ch otbor56"]
[Site "Uzhgorod"]
[Date "1988.??.??"]
[Round "?"]
[White "Vakhidov, Tahir"]
[Black "Savon, Vladimir A"]
[Result "1-0"]
[WhiteElo "2290"]
[BlackElo "2430"]

1.c4 e6 2.Nf3 d5 3.g3 Nf6 4.Bg2 c5 5.cxd5 Nxd5 6.O-O Be7 7.Nc3 Nxc3 8.dxc3 O-O
9.Bf4 Nc6 10.Qc2 Bd7 11.Rfd1 Qc8 12.Ng5 Bxg5 13.Bxg5 Ne5 14.Be7 Re8 15.Bd6 Nc4
16.Bxc5 Bc6 17.e4 b6 18.Bd6 Qb7 19.b3 Nxd6 20.Rxd6 Rad8 21.Rxd8 Rxd8 22.Rd1 Rc8
23.Qd3 f5 24.Qd6 Re8 25.Rd4 Bxe4 26.Bxe4 fxe4 27.Qe5 Qf7 28.Rxe4 h6 29.Rf4 Qd7
30.Rd4 Qf7 31.Rd6 Re7 32.c4 Qg6 33.Kg2 Kh7 34.h4 Qc2 35.Qe3 Qf5 36.Qd3 Kg6
37.g4 Qxd3 38.Rxd3 Kf6 39.Kf3 Ke5 40.h5 Rf7+ 41.Ke3 Kf6 42.f4 Rc7 43.Rd8 Ke7
44.Rg8 Kf7 45.Ra8 g6 46.hxg6+ Kxg6 47.Ke4 Kf6 48.Rh8 Kg7 49.Rd8 Kf6 50.Rd2 Rg7
51.Rh2 Rxg4 52.Rxh6+ Ke7 53.Ke5 Rg7 54.Rxe6+ Kd7 55.Rd6+ Ke7 56.Rh6  1-0

[Event "RSFSR-ch"]
[Site "Voronezh"]
[Date "1988.??.??"]
[Round "?"]
[White "Sorokin, Maxim"]
[Black "Ruban, Vadim"]
[Result "1-0"]
[WhiteElo "2400"]
[BlackElo "2395"]

1.c4 e6 2.Nf3 d5 3.g3 dxc4 4.Qa4+ Nd7 5.Bg2 a6 6.Qxc4 b5 7.Qb3 Bb7 8.O-O Ngf6
9.d3 Be7 10.Be3 Nd5 11.Bd2 O-O 12.Rc1 c5 13.a4 Qb6 14.Nc3 Bc6 15.Bg5 Nxc3
16.Qxc3 Bxg5 17.Nxg5 Bxg2 18.Kxg2 Qb7+ 19.f3 Qd5 20.Ne4 Rac8 21.axb5 axb5
22.Ra6 h6 23.Qa5 Qd4 24.Rc2 Qb4 25.Ra7 Nf6 26.Nd6 Rb8 27.Qxb4 cxb4 28.Rc5 Nd5
29.Kf2 Ra8 30.Nxb5 Rxa7 31.Nxa7 Ra8 32.Rc8+ Rxc8 33.Nxc8 Kf8 34.Na7 Ke8 35.e4 Nc3
36.Nc6 Nd1+ 37.Ke2 Nxb2 38.Nxb4 Kd7 39.Ke3 e5 40.f4 f6 41.h4 h5 42.Nd5 Ke6
43.f5+ Kd6 44.Nc3 Kc5 45.Kd2 Kb4 46.Nd5+ Kb3 47.Nc7 Na4 48.Ne6  1-0

[Event "Warsaw"]
[Site "Warsaw"]
[Date "1988.??.??"]
[Round "10"]
[White "Marszalek, Rafal"]
[Black "Sobura, Henryk"]
[Result "1/2-1/2"]
[WhiteElo "2310"]
[BlackElo "2365"]

1.c4 e6 2.Nf3 d5 3.g3 Nf6 4.Bg2 Be7 5.O-O O-O 6.d4 dxc4 7.Ne5 Nc6 8.Nxc6 bxc6
9.Na3 Bxa3 10.bxa3 Rb8 11.Qa4 Qxd4 12.Be3 Qe5 13.Qxc4 Nd5 14.Bxa7 Ra8 15.Bd4 Ba6
16.Qxa6 Qxd4 17.Qxc6 Rxa3 18.e3 Qe5 19.Bxd5 Qxd5 20.Qxd5 exd5 21.Rac1 Rc8
22.Rc5 c6 23.Rfc1 Kf8 24.Rxd5 Rb8 25.Rxc6 Rxa2  1/2-1/2

[Event "Hoogovens-B"]
[Site "Wijk aan Zee"]
[Date "1988.??.??"]
[Round "?"]
[White "Krnic, Zdenko"]
[Black "Flear, Glenn C"]
[Result "1/2-1/2"]
[WhiteElo "2400"]
[BlackElo "2460"]

1.c4 e6 2.Nf3 d5 3.b3 Be7 4.Bb2 Bf6 5.Nc3 Ne7 6.d4 c5 7.dxc5 O-O 8.e4 dxe4
9.Qxd8 Rxd8 10.Nd2 e3 11.fxe3 Na6 12.Nde4 Be5 13.Rd1 Bd7 14.Be2 Bc6 15.Bf3 f5
16.Ng5 Nxc5 17.Ke2 h6 18.Ba3 hxg5 19.Bxc5 g4 20.Bxc6 Nxc6 21.Nb5 b6 22.Nd4 Bxd4
23.Bxd4 Rd7 24.Bc3 Rad8 25.Rxd7 Rxd7 26.Rd1 Rxd1 27.Kxd1 Kf7 28.b4 Nb8 29.Ke2 Nd7
30.Kd3 e5 31.c5 bxc5 32.bxc5 Nxc5+ 33.Kc4 Nd7 34.Kd5 f4 35.exf4 exf4 36.Bd4 Nb6+
37.Ke4 f3 38.gxf3 gxf3 39.Kxf3 g6 40.Ke4 Ke6  1/2-1/2

[Event "Hoogovens-B"]
[Site "Wijk aan Zee"]
[Date "1988.??.??"]
[Round "?"]
[White "Kouatly, Bachar"]
[Black "Flear, Glenn C"]
[Result "1/2-1/2"]
[WhiteElo "2450"]
[BlackElo "2460"]

1.c4 e6 2.Nf3 d5 3.d4 c6 4.e3 f5 5.Ne5 Nf6 6.g4 Nbd7 7.gxf5 exf5 8.Nc3 Bd6
9.Nxd7 Bxd7 10.Qb3 Ng4 11.Bd2 Qh4 12.O-O-O dxc4 13.Bxc4 O-O-O 14.f3 Nxh2
15.e4 Qf2 16.e5 Bc7 17.Ne2 b5 18.Rxh2 Qxh2 19.Bd3 Rhe8 20.a4 Be6 21.Qc2 Bc4
22.Bxc4 bxc4 23.Qxc4 Kb7 24.a5 Rc8 25.a6+ Kb8 26.Qb3+ Bb6 27.Qf7 Bc7 28.Qb3+ Bb6
29.Qf7 Bc7 30.Qb3+  1/2-1/2

[Event "Yerevan+"]
[Site "Yerevan"]
[Date "1988.??.??"]
[Round "?"]
[White "Negulescu, Adrian"]
[Black "Dolmatov, Sergey"]
[Result "1-0"]
[WhiteElo "2430"]
[BlackElo "2565"]

1.c4 e6 2.Nf3 d5 3.e3 c6 4.b3 f5 5.Bb2 Nf6 6.Be2 Bd6 7.O-O O-O 8.Ne5 Nbd7
9.f4 Qc7 10.d4 Ne4 11.c5 Bxe5 12.fxe5 b6 13.cxb6 axb6 14.Nd2 Nxd2 15.Qxd2 Ba6
16.Bxa6 Rxa6 17.a4 c5 18.Rac1 Qb7 19.Ba3 Rc8 20.g4 b5 21.Bxc5 Nxc5 22.axb5 Rb6
23.Rxc5 Rxc5 24.dxc5 Rxb5 25.gxf5 exf5 26.Rc1 Qc6 27.b4 h5 28.Qd4 Rb8 29.e6 Qxe6
30.c6 Kh7 31.c7 Ra8 32.b5 f4 33.Qxf4 d4 34.e4 g6 35.Rf1 Kg7 36.e5 Qc4 37.Qf6+ Kh6
38.Qf4+ Kg7 39.b6 Qc5 40.Qf6+ Kh6 41.Qf4+ Kg7 42.b7  1-0

[Event "Nordic-tt"]
[Site "Aabybro"]
[Date "1989.??.??"]
[Round "?"]
[White "Olafsson, Helgi"]
[Black "Schlosser, Philipp"]
[Result "1/2-1/2"]
[WhiteElo "2545"]
[BlackElo "2475"]

1.c4 e6 2.Nf3 d5 3.d4 dxc4 4.e4 b5 5.a4 c6 6.b3 Bb4+ 7.Bd2 Bxd2+ 8.Qxd2 Nf6
9.e5 Ne4 10.Qc2 Qa5+ 11.Kd1 f5 12.exf6 Nxf6 13.bxc4 O-O 14.Nbd2 b4 15.Bd3 Qd8
16.c5 a5 17.Re1 Ra7 18.Ke2 Ba6 19.Kf1 Re7 20.Kg1 Bxd3 21.Qxd3 Nbd7 22.Qb3 Nd5
23.Ne4 Qe8 24.Nd6 Qg6 25.Qb1 Qg4 26.h3 Qh5 27.Qd1 Qg6 28.Qb1 Qh5  1/2-1/2

[Event "Aarhus int"]
[Site "Aarhus"]
[Date "1989.??.??"]
[Round "8"]
[White "Rodgaard, John"]
[Black "Nielsen, J."]
[Result "1-0"]
[WhiteElo "2360"]
[BlackElo "2260"]

1.c4 e6 2.Nf3 d5 3.d4 Nf6 4.Nc3 a6 5.cxd5 exd5 6.Bg5 c6 7.Qc2 Nbd7 8.e3 Be7
9.Bd3 O-O 10.O-O Re8 11.Rab1 Nf8 12.b4 g6 13.a4 Ne6 14.Bh4 Ng7 15.b5 axb5
16.axb5 Nf5 17.Bxf6 Bxf6 18.bxc6 bxc6 19.Na4 Ba6 20.Nc5 Bxd3 21.Nxd3 Rc8
22.Rfc1 Re6 23.Rb3 Be7 24.Rc3 f6 25.Nfe1 Qd7 26.Nf4 Rd6 27.Ned3 Bf8 28.Nb4 Ne7
29.h3 Qe8 30.Na6 Kf7 31.Nc5 Bh6 32.Nfd3 Rc7 33.Rb1 Qc8 34.Qb3 Rd8 35.Nb7 Re8  1-0

[Event "Alicante op2"]
[Site "Alicante"]
[Date "1989.??.??"]
[Round "?"]
[White "Bevia, Luis Martinez"]
[Black "Campos Moreno, Javier B"]
[Result "0-1"]
[WhiteElo "2290"]
[BlackElo "2430"]

1.c4 e6 2.Nf3 d5 3.d4 Nf6 4.Bg5 Bb4+ 5.Nc3 dxc4 6.Qa4+ Nc6 7.a3 Bxc3+ 8.bxc3 Qd5
9.Bxf6 gxf6 10.Nd2 b5 11.Qc2 Bb7 12.Rb1 f5 13.e4 fxe4 14.Nxe4 Qf5 15.f3 Na5
16.Be2 Nb3 17.O-O Bd5 18.Rfe1 O-O 19.Bd1 a5 20.Qf2 Kh8 21.Bc2 Qf4 22.Qe2 Rg8
23.Qe3 Qxe3+ 24.Rxe3 Bxe4 25.fxe4 a4 26.Rf1 Rg7 27.Rh3 c5 28.dxc5 Rc8 29.Rh5 Rxc5
30.Rxc5 Nxc5 31.Rb1 Nb3 32.Rd1 Rg5 33.Rd7 Kg7 34.Kf2 Nc1 35.Bb1 h5 36.h4 Rc5
37.Ke3 Nb3 38.Bc2 Kf6 39.g3 Nc1 40.Bb1 Nb3 41.Bc2 Na5 42.Kd4 Rc8 43.e5+ Kg7
44.Bd1 Nb3+ 45.Ke3 Rc5 46.Kf4 Nc1 47.Bxh5 Nd3+ 48.Kg5 Rxe5+ 49.Kg4 Rf5  0-1

[Event "American op"]
[Site "?"]
[Date "1989.??.??"]
[Round "4"]
[White "Frias, Victor J"]
[Black "Maric, Alisa"]
[Result "1/2-1/2"]
[WhiteElo "2510"]
[BlackElo "2365"]

1.c4 e6 2.Nf3 d5 3.b3 Nf6 4.g3 Be7 5.Bg2 O-O 6.O-O b6 7.d3 Bb7 8.e3 dxc4
9.bxc4 c5 10.Qe2 Nc6 11.Rd1 Rc8 12.Bb2 Rc7 13.Nbd2 Qa8 14.Bc3 Rd8 15.Ne1 Ne8
16.Ne4 f5 17.Nd2 Bf6 18.Bxf6 Nxf6 19.Nb3 Rcd7 20.a4 Nb4 21.Bxb7 Qxb7 22.a5 Rd6
23.axb6 axb6 24.d4 Ne4 25.Rdc1 cxd4 26.exd4 Ng5 27.h4 Qe4 28.Qd2 Qxe1+ 29.Qxe1 Nf3+
30.Kf1 Nxe1 31.Rxe1 Nc2 32.Ra6 Nxe1 33.Kxe1 Rc8 34.c5 Rdc6 35.Ra7 bxc5 36.dxc5 Rd8
37.Ke2 e5 38.Rb7 Rcc8 39.Rb6 Rb8 40.Na5 Rxb6 41.cxb6 Rb8 42.Nc4 Kf7 43.Nxe5+ Ke6
44.Nc4 g6 45.Kf3 Kd5 46.Ne3+ Kd4 47.h5 Rxb6 48.hxg6 hxg6 49.g4 fxg4+ 50.Kxg4 Rb2
51.Ng2 Ke5 52.Kg5 Rb1 53.f4+ Ke6 54.Kg4 Rb3 55.Nh4 Kf6 56.Nf3 Rb4 57.Ng5 Rb1
58.Ne4+ Kg7 59.Ng3 Rg1 60.Kf3 Kf6 61.Kf2 Ra1 62.Kf3 Ra3+ 63.Kg4 Ra4 64.Kf3 Ke6
65.Kg4 Kd5 66.Kg5 Ra1 67.f5 Rg1 68.fxg6 Rxg3+ 69.Kf6 Rf3+ 70.Ke7 Re3+ 71.Kf7  1/2-1/2

[Event "ARG-ch"]
[Site "?"]
[Date "1989.??.??"]
[Round "1"]
[White "Contin, Daniel"]
[Black "Rubinetti, Jorge A"]
[Result "1-0"]
[WhiteElo "2310"]
[BlackElo "2460"]

1.c4 e6 2.Nf3 d5 3.b3 Nf6 4.g3 a5 5.Bb2 a4 6.Na3 c6 7.Bg2 Bd6 8.O-O Nbd7
9.d3 O-O 10.Qd2 Qe7 11.Nc2 Re8 12.Nfd4 Nf8 13.cxd5 exd5 14.b4 Bd7 15.a3 Rad8
16.Ne3 Ng6 17.Rfe1 Be5 18.Nef5 Bxf5 19.Nxf5 Qc7 20.d4 Bd6 21.f3 Bf8 22.Qc2 Qb6
23.e3 Qa7 24.Kh1 Ne7 25.Nh4 Nc8 26.e4 Nb6 27.e5 Nfd7 28.Bf1 g6 29.Bd3 Bg7
30.f4 Nc4 31.Bc3 f5 32.g4 fxg4 33.f5 gxf5 34.Bxf5 Nf8 35.Qg2 h5 36.h3 b5
37.hxg4 hxg4 38.Qxg4 Qf7 39.Re2 Re7 40.Rf1 Qe8 41.Bd3 Rdd7 42.Nf5 Re6 43.Rh2 Rg6
44.Qh5 Rf7 45.Nxg7 Rxf1+ 46.Bxf1 Kxg7 47.Bd3 Re6 48.Qh8+ Kf7 49.Rf2+ Ke7
50.Qg7+  1-0

[Event "ARG-ch"]
[Site "?"]
[Date "1989.??.??"]
[Round "5"]
[White "Giardelli, Sergio C"]
[Black "Rubinetti, Jorge A"]
[Result "1/2-1/2"]
[WhiteElo "2430"]
[BlackElo "2460"]

1.c4 e6 2.Nf3 d5 3.g3 g6 4.Bg2 Bg7 5.d4 Nc6 6.e3 Nge7 7.O-O O-O 8.Nc3 b6
9.b3 Bb7 10.cxd5 exd5 11.Ba3 a5 12.Qd2 Nb4 13.Rfd1 Re8 14.Bb2 Nf5 15.a3 Na6
16.Ne2 Nd6 17.Ne5 f6 18.Nd3 c6 19.Qc2 Rc8 20.Re1 Rc7 21.Rad1 Bc8 22.Nc3 Bf5
23.Qe2 Qc8 24.Rc1 Kh8 25.Na4 Qb7 26.g4 Be4 27.f3 Bxd3 28.Qxd3 b5 29.Nc5 Nxc5
30.dxc5 Nf7 31.f4 Qc8 32.h3 Rce7 33.e4 Qc7 34.Bc3 dxe4 35.Rxe4 Rxe4 36.Bxe4 Qxf4
37.Re1 Ne5 38.Qe3 Qxe3+ 39.Rxe3 Nd7 40.Kf2 Nxc5 41.Bxc6 Rxe3 42.Kxe3 b4 43.axb4 axb4
44.Bxb4 Nxb3 45.Bd5 Bh6+ 46.Ke4 Nd2+ 47.Kd3  1/2-1/2

[Event "Athens Akropolis"]
[Site "Athens"]
[Date "1989.??.??"]
[Round "?"]
[White "Grivas, Efstratios"]
[Black "Haritakis, Theodoros"]
[Result "1-0"]
[WhiteElo "2440"]
[BlackElo "2215"]

1.c4 e6 2.Nf3 d5 3.e3 c6 4.b3 Nd7 5.Bb2 f5 6.Qc2 Ndf6 7.Be2 Bd6 8.d3 Qe7
9.Be5 Nh6 10.O-O Nf7 11.Bxd6 Qxd6 12.Nc3 O-O 13.Rac1 Bd7 14.d4 Kh8 15.Rfd1 Ne4
16.Ne1 Nfg5 17.Nd3 Rf6 18.f4 Nf7 19.Ne5 Qe7 20.Rf1 Rc8 21.Bd3 Nxc3 22.Qxc3 Nxe5
23.fxe5 Rff8 24.b4 g5 25.Qd2 Rf7 26.cxd5 exd5 27.Rf2 Rcf8 28.Rcf1 Be6 29.g3 Kg7
30.a3 h6 31.Qc2 Qd7 32.a4 a6 33.b5 axb5 34.axb5 h5 35.bxc6 bxc6 36.Rc1 Rc8
37.Qd1 Kh6 38.Be2 h4 39.gxh4 gxh4 40.Rf4 Rg7+ 41.Kh1 Rg6 42.Qe1 Kg7 43.Qxh4 c5
44.Rg1 Rxg1+ 45.Kxg1 Rg8 46.Qf6+ Kh7+ 47.Kf2 Rg7 48.Rh4+ Kg8 49.Rh6  1-0

[Event "FRG-ch"]
[Site "Bad Neuenahr"]
[Date "1989.??.??"]
[Round "?"]
[White "Keitlinghaus, Ludger"]
[Black "Sehner, Norbert"]
[Result "1/2-1/2"]
[WhiteElo "2410"]
[BlackElo "2415"]

1.c4 e6 2.Nf3 d5 3.g3 c6 4.Qc2 Nf6 5.d4 Nbd7 6.Bg2 Be7 7.O-O O-O 8.b3 b6
9.Rd1 Bb7 10.Nc3 Qc8 11.e4 dxe4 12.Nxe4 c5 13.Nxf6+ Bxf6 14.Bb2 cxd4 15.Bxd4 Qc6
16.Ne1 Qc7 17.Bxb7 Qxb7 18.Rd2 Rad8 19.Rad1 Qa8 20.Bxf6 Nxf6 21.Rd3 Rfe8
22.Qd2 Rxd3 23.Qxd3 e5 24.Ng2 g6 25.Ne3 Kg7 26.Nd5 Rd8 27.Qf3 Qc6 28.a4 h5
29.h4 Rd6 30.Kg2 Nxd5 31.cxd5 Qc2 32.Re1  1/2-1/2

[Event "Belgrade op"]
[Site "Belgrade"]
[Date "1989.??.??"]
[Round "3"]
[White "Pavlovic, Milos"]
[Black "Jovicic, Milos"]
[Result "1-0"]
[WhiteElo "2385"]
[BlackElo "2350"]

1.c4 e6 2.Nf3 d5 3.g3 Nf6 4.Bg2 dxc4 5.Qc2 Nbd7 6.a4 Nb6 7.a5 Nbd5 8.Qxc4 Nb4
9.O-O Qd5 10.b3 c5 11.Nc3 Qxc4 12.bxc4 Rb8 13.d3 Bd7 14.Ne5 Bc6 15.Nxc6 bxc6
16.Bf4 Rc8 17.Rab1 Nd7 18.Ne4 e5 19.Be3 f5 20.Nxc5 Bxc5 21.Bxc5 Nxc5 22.Rxb4 Kd7
23.f4 e4 24.dxe4 Nxe4 25.Bxe4 fxe4 26.c5 Rhe8 27.Rd1+ Kc7 28.a6 Rb8 29.Rdb1 Rb5
30.Rxb5 cxb5 31.Rxb5 Kc6 32.Rb7 Kxc5 33.Kf2  1-0

[Event "Belgrade op"]
[Site "Belgrade"]
[Date "1989.??.??"]
[Round "6"]
[White "Pavlovic, Milos"]
[Black "Stevanovic, Vladan S"]
[Result "1-0"]
[WhiteElo "2385"]
[BlackElo "2305"]

1.c4 e6 2.Nf3 d5 3.g3 Nf6 4.Bg2 Be7 5.O-O O-O 6.d4 c6 7.Qc2 Nbd7 8.Rd1 b6
9.b3 Bb7 10.Nc3 Rc8 11.e4 Ba8 12.e5 Ne8 13.h4 h6 14.Bf4 Nc7 15.cxd5 cxd5
16.Qd2 Bb7 17.a3 Ba6 18.Rdc1 Nb8 19.Be3 Nc6 20.b4 Bc4 21.Ne2 a5 22.Nf4 axb4
23.Nh5 Kh7 24.Nh2 g6 25.Nf6+ Bxf6 26.exf6 Qxf6 27.Ng4 Qg7 28.Rxc4 dxc4 29.Bxc6 c3
30.Qd3 Rfd8 31.axb4 f5 32.Nh2 e5 33.Ra7 f4 34.gxf4 exd4 35.Bc1 Qf6 36.b5 Kh8
37.Nf3 Qf5 38.Qxf5 gxf5 39.Ne5 d3 40.Nf7+ Kg8 41.Nxd8 d2 42.Bxd2 cxd2 43.Bf3 Rxd8
44.Rxc7 d1=Q+ 45.Bxd1 Rxd1+ 46.Kg2 Rd5 47.Rc6 Rxb5 48.Rxh6 Kg7 49.Rc6 Rb1
50.h5 Rb4 51.Kg3 Rb3+ 52.Kh4 Rf3 53.Kg5 Rxf2 54.Rxb6 Rf1 55.Rb7+ Kg8 56.Kxf5 Rh1
57.Kf6 Rxh5 58.Kg6  1-0

[Event "Bern"]
[Site "Bern"]
[Date "1989.??.??"]
[Round "?"]
[White "Landenbergue, Claude"]
[Black "Campora, Daniel H"]
[Result "0-1"]
[WhiteElo "2350"]
[BlackElo "2500"]

1.c4 e6 2.Nf3 d5 3.g3 Nf6 4.b3 a5 5.Bb2 a4 6.Na3 c6 7.Bg2 Bd6 8.O-O O-O 9.d3 Qe7
10.Nc2 Na6 11.Bc3 e5 12.Qb1 Re8 13.Qb2 b5 14.cxb5 cxb5 15.b4 Ra7 16.Rac1 Rc7
17.Bd2 h6 18.a3 Nb8 19.Nh4 g5 20.Nf3 Nc6 21.h4 g4 22.Nh2 Kh7 23.Ne3 Be6 24.Qa2 Nd4
25.Rxc7 Qxc7 26.Nxd5 Nxe2+ 27.Kh1 Nxd5 28.Bxd5 Nd4 29.Bxe6 Rxe6 30.Qd5 Qc2
31.Qe4+ f5 32.Qe3 Qc6+ 33.Kg1 Qd5 34.Bc3 Nc6 35.Qb6 Be7 36.Qe3 Bd6 37.Qb6 Bb8
38.Qb7+ Re7 39.Qc8 Qd7 40.Qa6 Qb7 41.Qxb7 Rxb7 42.Rd1 Rd7 43.Nf1 h5 44.Ne3 Kg6
45.Bb2 f4 46.gxf4 exf4 47.Ng2 Nd4 48.Kf1 f3 49.Ne3 Nf5 50.Nxf5 Kxf5  0-1

[Event "Caorle op"]
[Site "Caorle"]
[Date "1989.??.??"]
[Round "4"]
[White "Spasojevic, Zoran"]
[Black "Nikcevic, Nebojsa"]
[Result "1/2-1/2"]
[WhiteElo "2285"]
[BlackElo "2270"]

1.c4 e6 2.Nf3 d5 3.g3 g6 4.Bg2 Bg7 5.O-O Ne7 6.d4 Nbc6 7.e3 O-O 8.Bd2 dxc4
9.Na3 e5 10.dxe5 Bg4 11.Qc2 Bxf3 12.Bxf3 Nxe5 13.Be2 b5 14.Nxb5 Rb8 15.Nc3 Nd3
16.Rab1 Nc6 17.Na4 Qd5 18.Bc3 Ncb4 19.Qd2 Nxa2 20.Bxg7 Kxg7 21.b3 Nab4 22.Qc3+ Kg8
23.Rfd1 Qf5 24.Rf1 Ne5 25.bxc4 a5 26.Rbd1 Rfd8 27.Rd4 Nf3+ 28.Bxf3 Qxf3 29.Nc5 Qc6
30.Ne4 Re8 31.Nd2 Qf6 32.Nb1 c5 33.Rd7 Qf5 34.Qd2 Qc2 35.Qxc2 Nxc2 36.Nc3 Red8
37.Rxd8+ Rxd8 38.Rc1 Nb4 39.Na4 Rc8 40.Rd1 Nc2 41.Rd5 Na3 42.Nxc5 Nxc4 43.Na4 Rb8
44.Rd1 Rb4 45.Ra1 Kg7 46.Kf1 Kf6 47.Ke2 Ke6 48.e4 Ke5 49.f3 g5 50.Nc5 Kd4
51.Nd3 Rb3 52.Rd1 Kc3 53.Rc1+ Kd4 54.Rd1 Kc3  1/2-1/2

[Event "Caorle op"]
[Site "Caorle"]
[Date "1989.??.??"]
[Round "5"]
[White "Galic, Zeljko"]
[Black "Jovancic, Miodrag"]
[Result "1/2-1/2"]
[WhiteElo "2200"]
[BlackElo "2230"]

1.c4 e6 2.Nf3 d5 3.d4 c5 4.e3 Nf6 5.Nc3 Nc6 6.Bd3 Be7 7.O-O O-O 8.b3 cxd4
9.exd4 b6 10.Bb2 Bb7 11.Qe2 Rc8 12.Rac1 dxc4 13.bxc4 Nb4 14.Bb1 Bxf3 15.gxf3 Qc7
16.Ne4 Qf4 17.Kh1 Rfd8 18.Rg1 Nc6 19.Rcd1 Nxe4 20.Bxe4 g6 21.d5 Bd6 22.Rg2 exd5
23.Rxd5 Be5 24.Rxd8+ Nxd8 25.Bd5 Nc6 26.Bxc6 Bxb2 27.Bd5 Qe5 28.Qe3 Rc7 29.Rg4 Kg7
30.f4 Qd4 31.Qxd4+ Bxd4 32.Kg2 h5 33.Rg3 Kf6 34.Rd3 Bc5 35.f3 Be7 36.Re3 Rc5
37.a4 Ra5 38.Bc6 Bd6 39.Rd3 Ke7 40.Rd5 Rc5 41.Rxc5  1/2-1/2

[Event "URS-sf"]
[Site "Daugavpils"]
[Date "1989.??.??"]
[Round "?"]
[White "Akopian, Vladimir"]
[Black "Petrosian, Arshak B"]
[Result "1/2-1/2"]
[WhiteElo "2525"]
[BlackElo "2490"]

1.c4 e6 2.Nf3 d5 3.b3 Be7 4.Bb2 Bf6 5.Qc1 d4 6.e3 e5 7.d3 Nc6 8.exd4 exd4
9.Be2 Nge7 10.O-O O-O 11.Nbd2 Ng6 12.Ne4 Re8 13.Re1 Be7 14.a3 a5 15.Qd2 h6
16.h3 Bf5 17.Bf1 Qd7 18.Ng3 Be6 19.Ne2 Bc5 20.Nf4 Nxf4 21.Qxf4 Rad8 22.Re4 Bf5
23.Ne5 Rxe5 24.Rxe5 Nxe5 25.Qxe5 Bb6 26.Re1 Bg6 27.g3  1/2-1/2

[Event "Dortmund-B"]
[Site "Dortmund"]
[Date "1989.??.??"]
[Round "?"]
[White "Klinger, Josef"]
[Black "Flear, Glenn C"]
[Result "1/2-1/2"]
[WhiteElo "2475"]
[BlackElo "2500"]

1.c4 e6 2.Nf3 d5 3.g3 Nf6 4.d4 dxc4 5.Bg2 Bd7 6.Ne5 Bc6 7.Nxc6 Nxc6 8.O-O Qd7
9.e3 Rb8 10.Qe2 b5 11.a4 a6 12.axb5 axb5 13.b3 cxb3 14.Nd2 Be7 15.Bb2 O-O
16.Rfc1 Nd5 17.Nxb3 Ncb4 18.Nc5 Bxc5 19.Rxc5 f5 20.Ba3 Rfc8 21.Bxb4 Nxb4
22.Rb1 Nd5 23.Bxd5 exd5 24.Rcxb5 Rxb5 25.Qxb5 Qxb5 26.Rxb5 c6 27.Rb7 c5 28.dxc5 Rxc5
29.Rd7 Rc1+ 30.Kg2 Rd1 31.Kf3 Rd2 32.h3 h5 33.h4 Kh7 34.Rd6 Kg8 35.Rd7 Kh7
36.Kg2 Rd1 37.Ra7 Kg6 38.Ra4 Rb1 39.Kf3 Rb2 40.Rd4 Rb5 41.Kf4 Kf6 42.Ra4 Rb6
43.Ra5 Rb4+ 44.Kf3 d4 45.e4 fxe4+ 46.Kxe4 Rb2 47.f3 g6 48.Ra6+ Kg7 49.Rd6 Re2+
50.Kf4 d3 51.Rxd3 Re7 52.Rd5 Rf7+ 53.Ke4 Re7+ 54.Re5 Ra7 55.Kf4 Rf7+ 56.Ke3 Ra7
57.g4 hxg4 58.fxg4 Kf6 59.Re4 Ra1 60.g5+ Kf5 61.Rf4+ Ke5 62.Rb4 Ra3+ 63.Kf2 Kf5
64.Kg2  1/2-1/2

[Event "Dortmund op"]
[Site "Dortmund"]
[Date "1989.??.??"]
[Round "9"]
[White "Bukal, Vladimir Sr"]
[Black "Van der Sterren, Paul"]
[Result "1/2-1/2"]
[WhiteElo "2375"]
[BlackElo "2500"]

1.c4 e6 2.Nf3 d5 3.d4 Nf6 4.Nc3 Be7 5.Qc2 O-O 6.cxd5 exd5 7.Bg5 c6 8.e3 Nbd7
9.Bd3 Re8 10.O-O Nf8 11.a3  1/2-1/2